|
|
|
|
| LEADER |
00000cam a22000004a 4500 |
| 001 |
musev2_15964 |
| 003 |
MdBmJHUP |
| 005 |
20230905041732.0 |
| 006 |
m o d |
| 007 |
cr||||||||nn|n |
| 008 |
090324s2009 vau o 00 0 eng d |
| 010 |
|
|
|z 2009012448
|
| 020 |
|
|
|a 9780813928906
|
| 020 |
|
|
|z 9780813928531
|
| 035 |
|
|
|a (OCoLC)759159952
|
| 040 |
|
|
|a MdBmJHUP
|c MdBmJHUP
|
| 043 |
|
|
|a n-us-va
|a n-us-wv
|
| 050 |
0 |
4 |
|a F232.S5
|b A46 2009
|
| 245 |
0 |
0 |
|a "Answer at Once" :
|b Letters of Mountain Families in Shenandoah National Park, 1934-1938 /
|c edited by Katrina M. Powell.
|
| 264 |
|
1 |
|a Charlottesville :
|b University of Virginia Press,
|c 2009.
|
| 264 |
|
3 |
|a Baltimore, Md. :
|b Project MUSE,
|c 2012
|
| 264 |
|
4 |
|c ©2009.
|
| 300 |
|
|
|a 1 online resource (200 pages):
|b ill., map ;
|
| 336 |
|
|
|a text
|b txt
|2 rdacontent
|
| 337 |
|
|
|a computer
|b c
|2 rdamedia
|
| 338 |
|
|
|a online resource
|b cr
|2 rdacarrier
|
| 504 |
|
|
|a Includes bibliographical references and index.
|
| 588 |
|
|
|a Description based on print version record.
|
| 650 |
|
0 |
|a Mountain life
|z Shenandoah River Valley (Va. and W. Va.)
|v Sources.
|
| 650 |
|
0 |
|a Internally displaced persons
|z Shenandoah River Valley (Va. and W. Va.)
|x History
|y 20th century
|v Sources.
|
| 650 |
|
0 |
|a Mountain people
|z Shenandoah River Valley (Va. and W. Va.)
|x History
|y 20th century
|v Sources.
|
| 650 |
|
0 |
|a Mountain people
|z Shenandoah River Valley (Va. and W. Va.)
|v Correspondence.
|
| 651 |
|
0 |
|a Shenandoah National Park (Va.)
|x History
|v Sources.
|
| 651 |
|
0 |
|a Shenandoah River Valley (Va. and W. Va.)
|x History
|y 20th century
|v Sources.
|
| 655 |
|
7 |
|a Electronic books.
|2 local
|
| 700 |
1 |
|
|a Powell, Katrina M.,
|d 1976-
|
| 710 |
2 |
|
|a Project Muse.
|e distributor
|
| 830 |
|
0 |
|a Book collections on Project MUSE.
|
| 856 |
4 |
0 |
|z Texto completo
|u https://projectmuse.uam.elogim.com/book/15964/
|
| 945 |
|
|
|a Project MUSE - Custom Collection
|
| 945 |
|
|
|a Project MUSE - Archive Complete Foundation
|
| 945 |
|
|
|a Project MUSE - Archive History Foundation
|